LDR 01246nas a2200241 i 4500 001 000000251540 003 CaOOAMICUS 005 20161212000000.0 008 161117b2016 it uu u0 0ita r 013 $a230445 040 $aSeMil$bita 245 10$aGiorgio Bocca ; Indro Montanelli. 260 $aRoma :$bGruppo Editoriale L'Espresso,$ccopyr. 2016. 300 $a96 p. ;$c17 cm. 500 $aIn copertina : Testi tratti da MicroMega 5/1990, MicroMega 5/1991, MicroMega 4/1994, MicroMega 5/1996, MicroMega 1/1998, 'La Primavera di MicroMega' 1 e 4/2001, MicroMega 4/2001, MicroMega 4/2003, MicroMega 1/2004. - Supplemento omaggio [Reprint 15] in occasione del trentesimo anniversario di MicroMega. 700 1 $aMontanelli, Indro <1909-2001>.$0(OLS)http://semarc/name/6356 700 1 $aBocca, Giorgio,$d<1920-2011>.$0(OLS)http://semarc/name/6110 774 0 $t[vedi periodico].$w()289936 850 $aSeMil 852 $aSeMil$W1$xVenegono$y1$m148 6 158/S1$j201886$B201886$CSeMilBibl$Z2$F215105 $85 961 $aAbbonamento: Somedia - Gruppo Editoriale l'Espresso 996 $6245$aGiorgio Bocca ; Indro Montanelli$9(OLS)http://semarc/title/353815 996 $6260$aRoma :$bGruppo Editoriale L'Espresso$9(OLS)http://semarc/publisher/34574